Eficiencia y transparencia del sistema judicial español en el contexto europeo: análisis comparativo y propuestas de mejora (Registro nro. 164116)
[ vista simple ]
| 000 -LEADER | |
|---|---|
| fixed length control field | 03997nam a22002657a 4500 |
| 007 - PHYSICAL DESCRIPTION FIXED FIELD--GENERAL INFORMATION | |
| fixed length control field | cr|z|| || |
| 008 - FIXED-LENGTH DATA ELEMENTS--GENERAL INFORMATION | |
| fixed length control field | 160118s2015 sp ||||| |||| 00||0 spa d |
| 020 ## - INTERNATIONAL STANDARD BOOK NUMBER | |
| International Standard Book Number | 9788494350757 |
| 035 ## - | |
| -- | 13026 |
| 040 ## - CATALOGING SOURCE | |
| Original cataloging agency | vLex |
| 090 ## - | |
| -- | 5795 |
| -- | 5795 |
| 100 1# - MAIN ENTRY--PERSONAL NAME | |
| Personal name | Alonso, Jaume |
| 245 10 - TITLE STATEMENT | |
| Title | Eficiencia y transparencia del sistema judicial español en el contexto europeo: análisis comparativo y propuestas de mejora |
| Medium | [Recurso electrónico] / |
| Statement of responsibility, etc | Jaume Alonso |
| 256 ## - | |
| -- | Servicio en línea |
| 260 ## - PUBLICATION, DISTRIBUTION, ETC. (IMPRINT) | |
| Place of publication, distribution, etc | Barcelona |
| Name of publisher, distributor, etc | J.M. Bosch Editor, |
| Date of publication, distribution, etc | 2015 |
| 300 ## - PHYSICAL DESCRIPTION | |
| Extent | 1 recurso electrónico |
| 500 ## - GENERAL NOTE | |
| General note | La estrecha relación existente entre el crecimiento económico y la eficacia del sistema judicial es continuamente destacada por las más relevantes organizaciones económicas internacionales, como son el Fondo Monetario Internacional, el Foro Económico Mundial, el Banco Mundial, la Organización para la Cooperación y Desarrollo Económicos o el Banco Central Europeo. El sistema judicial debe ser pues eficaz, esto es, intentar obtener la respuesta más acertada en el mínimo tiempo posible. Pero, como servicio público que es, la justicia no sólo debe ser eficaz, sino también eficiente, es decir, capaz de conseguir sus fines con la máxima optimización de recursos, y a la vez transparente, generando la máxima confianza posible entre todos los stakeholders, sean ciudadanos, empresas e instituciones nacionales o potenciales inversores extranjeros. En España, se han dedicado numerosos estudios a analizar la eficacia de la justicia como garante de los derechos subjetivos. Sin embargo el análisis de sus niveles de eficiencia económica y transparencia son prácticamente vírgenes en nuestra literatura científica, seguramente habida cuenta del carácter interdisciplinar de la materia, y ello pese a que son ya muy numerosos los datos estadísticos publicados tanto a nivel español, principalmente por el Servicio de Estadística del Consejo General del Poder Judicial, como especialmente europeo, por obra de los informes de la Commission Européenne pour lÂEfficacité de la Justice. En el presente trabajo se abordan dichas cuestiones prestando especial atención a la situación española en el contexto europeo. Se destacan así los reducidos coeficientes de determinación en las correlaciones entre presupuesto per capita asignado y duración de los procesos judiciales o confianza ciudadana en el sistema judicial. Con los últimos datos disponibles a efectos comparativos (2012), la justicia española con un presupuesto de 80,92 euros anuales per capita, superior por tanto a los 60,22 de media europea, obtuvo una disposition time, o duración promedio de la tramitación de asuntos no penales en primera instancia, de 260 días, superior a la media europea de 238, situándose empero en la vigésimotercera posición de los veintiocho países de la UE en el índice de confianza ciudadana en el propio sistema judicial. Del análisis de los datos se concluye pues que el principal problema de la justicia española no es tanto de recursos, como de deficiente organización, a cuyo fin, en el último capítulo del trabajo se articulan diversas propuestas de medidas concretas, algunas seguramente muy polémicas, para intentar mejorar los niveles de eficiencia y transparencia del sistema judicial español. |
| 506 1# - RESTRICTIONS ON ACCESS NOTE | |
| Terms governing access | Contenido solo disponible en los productos indicados |
| Authorized users | vLex Global |
| -- | vLex Global (Academic Edition, excluding Law Schools) |
| -- | vLex Global (U.S. Academic Edition, Law Schools) |
| -- | vLex Global (U.S. Academic Edition, excluding Law Schools) |
| -- | vLex Global (Academic Edition, Law Schools) |
| 650 04 - SUBJECT ADDED ENTRY--TOPICAL TERM | |
| Topical term or geographic name as entry element | Justicia--Administración |
| Geographic subdivision | España |
| 700 1# - ADDED ENTRY--PERSONAL NAME | |
| Personal name | Sayrol, Cuevillas |
| 740 0# - | |
| -- | vLex libros (servicio en línea) |
| 856 40 - LOCALIZACIÓN Y ACCESO ELECTRÓNICO | |
| Identificador Uniforme del Recurso (URI/URL) | https://app.vlex.com/#/sources/eficiencia-y-transparencia-del-sistema-judicial-espa-ol-en-el-contexto-europeo-analisis-comparativo-y-propuestas-de-mejora-13026 |
| 942 ## - | |
| -- | RAA |
| 999 ## - | |
| -- | 164116 |
| -- | 164116 |
No hay ítems disponibles.